niche tiktok memes - Statistics

General Stats
  • This quiz has been taken 503 times
  • The average score is 7 of 19
Answer Stats
Hint Answer % Correct
I'm talking bout ____ innit
72%
mama a __ behind you girl
66%
are you taking a ____ of me? picture
62%
i like, i like my ___- Baron Trump suitcase
59%
when will you wear ___ wigs
54%
what's your favourite food? __. Why haven't you joined the army to help defend our country? pizza
49%
is that me? no, no it's nice... it's fantastic! what's that? hyperpigmentation
47%
fish girl nina
45%
don't call me, don't come by my house, __ __ we're done
36%
y'all already know who i am, my names ___ and i think Olivia Topher
33%
__ __, i know i'm gonna be out already just vote
32%
i just wanna dance at the ___ ballet
31%
__ on the glass ninnies
29%
alexander come back to sleep __ __ __ __ __ __ __ __ I have an early meeting out of town
26%
this week people are taking the lyrics of defying gravity and really __ __ holding space
24%
Samaj? mam? what are you doing? washing dishes
23%
I pick ___ clarke
21%
i am the owner of the worlds only 24 karat gold labubu
19%
how the hell did i end up in __, i hate f*cking... canada
8%
No matching quizzes found
Score Distribution
Percent of People with Each Score
Percentile by Number Answered
Your Score History
You have not taken this quiz